<?xml version="1.0" encoding="UTF-8"?>
<collection xmlns="http://www.loc.gov/MARC21/slim">
 <record>
  <leader>01561cam a2200337 7i4500</leader>
  <controlfield tag="001">0000150211</controlfield>
  <controlfield tag="005">20210708090000.0</controlfield>
  <controlfield tag="006">##m   gq d#</controlfield>
  <controlfield tag="007">##cc#cg#   uuuuu</controlfield>
  <controlfield tag="008">2s2020    my #   gq# d###     may##</controlfield>
  <datafield tag="040" ind1="#" ind2="#">
   <subfield code="a">UMT</subfield>
  </datafield>
  <datafield tag="090" ind1="0" ind2="#">
   <subfield code="a">BP 131.6 </subfield>
   <subfield code="b">.A3 2020</subfield>
  </datafield>
  <datafield tag="100" ind1="0" ind2="#">
   <subfield code="a">Wan Ahmad Zakry Wan Kamaruddin </subfield>
   <subfield code="e">author </subfield>
  </datafield>
  <datafield tag="245" ind1="1" ind2="0">
   <subfield code="a">Hafazan Al-Quran di sekolah Imtiaz Terengganu : </subfield>
   <subfield code="b">pelaksanaan dan penambahbaikan dalam melahirkan generasi Ulul Albab  </subfield>
   <subfield code="c">Wan Ahmad Zakry Wan Kamaruddin.</subfield>
  </datafield>
  <datafield tag="264" ind1="#" ind2="1">
   <subfield code="a">Kuala Nerus, Terengganu: </subfield>
   <subfield code="b">Universiti Malaysia Terengganu, </subfield>
   <subfield code="c">2020.</subfield>
  </datafield>
  <datafield tag="300" ind1="#" ind2="#">
   <subfield code="a">1 computer disc (xxi, 257 pages): </subfield>
   <subfield code="b">some colour illustrations; </subfield>
   <subfield code="c">12 cm.</subfield>
  </datafield>
  <datafield tag="336" ind1="#" ind2="#">
   <subfield code="a">text</subfield>
   <subfield code="2">rdacontent</subfield>
  </datafield>
  <datafield tag="337" ind1="#" ind2="#">
   <subfield code="a">computer</subfield>
   <subfield code="2">rdamedia</subfield>
  </datafield>
  <datafield tag="338" ind1="#" ind2="#">
   <subfield code="a">computer disc</subfield>
   <subfield code="2">rdacarrier</subfield>
  </datafield>
  <datafield tag="347" ind1="#" ind2="#">
   <subfield code="a">text file</subfield>
   <subfield code="2">rdaft</subfield>
  </datafield>
  <datafield tag="347" ind1="#" ind2="#">
   <subfield code="b">PDF</subfield>
  </datafield>
  <datafield tag="500" ind1="#" ind2="#">
   <subfield code="a">PPAL adalah singkatan kepada Pusat Pendidikan Asas &amp; Lanjutan</subfield>
  </datafield>
  <datafield tag="502" ind1="#" ind2="#">
   <subfield code="a">Thesis PPAL (Degree of Doctor of Philosophy) 2020</subfield>
  </datafield>
  <datafield tag="504" ind1="#" ind2="#">
   <subfield code="a">Includes bibliographical references</subfield>
  </datafield>
  <datafield tag="520" ind1="#" ind2="#">
   <subfield code="a">Program hafazan al-Quran IMTIAZ lahir daripada idea konsep Ulul Albab yang bertujuan melahirkan generasi Quranik, Ensiklopedik dan Ijtihadik. Meskipun begitu program hafazan al-Quran IMTIAZ pada peringkat menengah rendah mendapati pencapaian hafazan pelr belum memuaskan.</subfield>
  </datafield>
  <datafield tag="602" ind1="#" ind2="#">
   <subfield code="a">Tesis PPAL 2020</subfield>
  </datafield>
  <datafield tag="650" ind1="#" ind2="0">
   <subfield code="a">Qur'anxMemorizing </subfield>
  </datafield>
  <datafield tag="650" ind1="#" ind2="0">
   <subfield code="a">Qur'an -- </subfield>
   <subfield code="x">Recitation </subfield>
  </datafield>
  <datafield tag="710" ind1="0" ind2="#">
   <subfield code="a">Universiti Malaysia Terengganu </subfield>
  </datafield>
  <datafield tag="720" ind1="#" ind2="#">
   <subfield code="a">Firdaus Khairi Abdul Kadir, PhD</subfield>
   <subfield code="e">degree supervisor</subfield>
  </datafield>
  <datafield tag="999" ind1=" " ind2=" ">
   <subfield code="a">1100110560</subfield>
   <subfield code="b">CD-ROM</subfield>
   <subfield code="c">Tesis</subfield>
   <subfield code="e">KOLEKSI KHAS</subfield>
  </datafield>
 </record>
</collection>
